00445cam a22001697a 4500003000500000005001700005008004100022010001000063011001000073035001000083040000900093100001500102245004700117500007900164650001300243650001900256CHAP20220329141423.0971013s r 00010 d a67855 a68827 a78301 cCHAP00aGordon, A. 0aEstimating bark thickness of Pinus radiata aSobretiro de : Zealand Journal of Forestry Science. 13 (3): 340 - 53, 198314aCorteza.14aPinus radiata.